MDQL
is popping MORE tags! Check the
thread
!
Quizzes
Events
Quiz Creation
Community
Videos
Private Events
Remove Ads
Sign In
Join for FREE
Feedback
Dark Mode
Quiz Categories
Sports
Geography
Music
Movies
Television
Just For Fun
Miscellaneous
History
Literature
Language
Science
Gaming
Entertainment
Religion
Holiday
For Kids
Quiz Lab
Recent
Popular Today
Quiz Kudos Today
Editor Picks
Curator Picks
Quizzes by...
Day
Popularity
Type
Ratings
Length
Year
Community
Subscriptions
Recent Discussions
Orange Saloon
Badges
Playlists
Quests
Create
Leaderboards
Showdown
Live 5
Trivia Bingo
Activity
Puzzle Library
Sporcle Events
Private Events
Virtual Trivia
Globe League
Become a Host
Pub Owners
SporcleCon
Opinionation
Our Games
Videos
Blog
Mobile Apps
Partnerships
Remove Ads and Go Orange
Feedback
Science
Computer
Plants
Astronomy
Chemistry
Elements
Math
Animal
Physics
Anatomy
Biology
Geology
General Science
Science
Computer
Plants
Astronomy
Chemistry
Elements
Math
Animal
Physics
Anatomy
Biology
Geology
General Science
Random Quiz
Search Sporcle
×
Quiz Lab
Quiz Lab
Science
Clickable
Select answers by clicking on text or image buttons
Select answers by clicking on text or image buttons
Clickable
Best Score? Go Orange.
EPPP Review: Neuropsych: Neurotransmitters Stats
Can you pick the correct neurotransmitter based on the hint?
By
Beatles163
20m
32 Questions
371 Plays
371 Plays
371 Plays
Comments
Comments
Give Quiz Kudos
Give Quiz Kudos
-
- Ratings
hide this ad
More Info
Forced Order
Answers have to be entered in order
Answers have to be entered in order
Replay
Link that replays current quiz
Next Quiz
Link to next quiz in quiz playlist
You Got
0%
They Got
Avg Score
53%
Avg Friend Score
Upgrade to see
Score Distribution
Jump to the score distribution portion of the page
Score
0/32
Timer
20:00
0
Plays Today
% Correct
Serotonin
69%
GABA
66.1%
Dopamine
66%
Epinephrine
65.5%
Dopamine
65%
Serotonin
64.4%
Serotonin
64.2%
Dopamine
63.3%
Acetylcholine
62.7%
GABA
62.7%
Acetylcholine
60.5%
Epinephrine
59.6%
Dopamine
59.6%
Serotonin
58.8%
GABA
58.5%
Glutamate
57.6%
% Correct
Norepinephrine
56.5%
Acetylcholine
55.5%
Glutamate
55.4%
GABA
54.2%
Acetylcholine
53.4%
Epinephrine
49.1%
GABA
48.9%
GABA
48.6%
Glutamate
47.2%
Serotonin
47.2%
Norepinephrine
46.3%
Glutamate
44.6%
Norepinephrine
42.1%
Acetylcholine
40.7%
Norepinephrine
35.6%
Serotonin
32.9%
Quiz Playlist
Details
Report
Send in Message
Add To Playlist
More Info:
This is intended to help soon-to-be psychologists study for the EPPP. Please comment if there's anything incorrect on this quiz.
Clickable:
Select answers by clicking on text or image buttons
Forced Order:
Answers have to be entered in order
Last Updated: Feb 16, 2017
Quiz Scoreboard
CHALLENGE
Sign Up to Join the Scoreboard
Show All
Scores
Hide
Comments
May contain spoilers
Recently Published
Famous 'C' Women
by xyz_
Entertainment
6m
Holiday 10x10 Sorting Gallery
by lukepisani3
Holiday
15m
Two Season TV Shows II
by 123Four
Television
10m
More to Explore
Quiz From the Vault
Featured Blog Post
14 Easter Pick-up Lines to Find Eggs With
hide this ad
You Might Also Like...
Tags
Clickable Quiz
Review
Today's Top Quizzes in Science
Browse Science
hide this ad
Today's Top Quizzes in Clickable
Browse Clickable
Top Contributed Quizzes in Science
1
Mitosis Sporcle for Escape Room
2
Windmill: Elements
3
DNA Speed Challenge For Breakout Box
4
200 Vogels in Nederland
5
Elements In Images
6
Glycolysis
7
Quick Pick: 'CI-CJ' Animals
8
Square Numbers Scrambled (1-50)
9
Astronomy Spelling Bee
10
The First 100 Digits of Pi
Explore More
Trending Topics
Kpop
Disney
Harry Potter
Marvel
NBA
Anime
Crossword
NFL
Puzzle
Soccer
Pokémon
WWE
The Office
Song
Country
hide this ad
More By:
Beatles163
Quiz
Plays
Rating
Category
Featured
Created
EPPP Review: Neuropsych: Neurotransmitters
371
3.00
Science
Feb 28, 2015
EPPP Review: Research/Stats Terms
264
2.50
Science
Feb 28, 2015
EPPP Reivew: Neuropsych: Brain & Spinal Cord Functions
240
Science
Jul 28, 2015
EPPP Review: Neuropsych: Nervous System
177
1.00
Science
Feb 28, 2015
EPPP Review: Gender Prevalence
128
Science
Sep 14, 2015
Go to Creator's Profile
Score Distribution
Quiz Creator Spotlight
Beatles163
Follow
Send a Message
Quizzes Created
-
Created Quiz Play Count
-
More By This Creator
Popular Quizzes Today
1
Find the US States - No Outlines Minefield
2
Colored Red Africa Blitz
3
Find the 'City' Movie
4
The Countries of the World
5
Find the US States
6
5x2 Blitz: Bands
7
Find the Countries of Europe - No Outlines Minefield
8
US States
More Science Quizzes
Is It in Our Solar System?
Published
Trending Quizzes
Colored Red Europe Blitz I
Colored Red Europe Blitz II
Colored Red Africa Blitz II
Colored Red Africa Blitz III
Colored Red Europe Blitz III
Recently Updated
Odd Team Out - Big 4 Players
pecheneg
Quick Pick: 20 Twenties
pecheneg
March Madness Men's Triple Doubles
pecheneg
How Do You Spell That?
pecheneg
Godzilla Movies
pecheneg
Grab Bag: 4-10 Letters
pecheneg
2024 March Madness Bracket
pecheneg
Famous TV Couples
Peacemaker
Champions League XIs: Real Madrid
pecheneg
Largest US Cities 1790-2010
pecheneg
Trending Topics
Anime
Harry Potter
NBA
Disney
Kpop
Marvel
Crossword
Puzzle
The Office
Song
Pokémon
WWE
NFL
Soccer
Country
Your Account Isn't Verified!
In order to create a playlist on Sporcle, you need to verify the email address you used during registration. Go to your
Sporcle Settings
to finish the process.
Report this User
Report this user for behavior that violates our
Community Guidelines
.
Details:
Send Report
Go to the Sporcle.com Mobile Site →
Comments